000 01916nam0a2200421 4500
001 RU\NLR\bibl\1520735
005 20260406064409.0
010 _a978-5-17-065808-4
_bАСТ
_97000
010 _a978-5-271-27021-5
_bАстрель
010 _a978-5-226-02373-6
_bВКТ
010 _a978-5-17-065807-7
_bАСТ
_98000
010 _a978-5-271-27020-8
_bАстрель
010 _a978-5-226-02371-2
_bВКТ
010 _a978-5-17-065798-8
_bАСТ
_99000
010 _a978-5-271-27019-2
_bАстрель
010 _a978-5-226-02372-9
_bВКТ
021 _aRU
_b2010-33609
_92247
021 _aRU
_b2010-33721
_92254
035 _a(NLR Aleph) 001512097
090 _a87005
_c87005
100 _a20100511d2010 |||y0rusy50 ca
101 0 _arus
102 _aRU
105 _ay |||||||||
200 1 _aОхотники на русалок
_eроман
_fГалина Куликова
210 _aМосква
_cАстрель
_cАСТ
_aВладимир
_cВКТ
_d2010
215 _a315, [2] с.
_d20
610 0 _aФилологические науки. Художественная литература -- Российская Федерация -- Русская литература -- с сер. 50-х гг. 20 в. -- Произведения художественной литературы -- Художественная проза -- Романы. Повести. Рассказы -- Приключенческие и детективные романы, повести, рассказы
686 _aШ5(2=Р)75-644.6
_2rubbk
686 _aШ6(2=Р)8-446
700 1 _4070
_8rus
_7ca
_aКуликова
_bГ. М.
_cписатель
_f1962-
_gГалина Михайловна
_3RU\NLR\auth\7723957
_97010
801 0 _aRU
_bРГБ
_c20100511
_grcr
801 1 _aRU
_bРГБ
_c20100511
801 2 _aRU
_bNLR
_c20100607
_grcr
942 _cBOOK
980 _aNB